000 00483nam a22001697a 4500
005 20250107094016.0
008 250107b ||||| |||| 00| 0 eng d
040 _cAL
041 _aEnglish
082 _223
_a348.04
_bCHAA
100 _aJagjith Singh Chawla
_9192394
245 _aAll India Criminal Law Reporter: Vol 27 1995(1)
260 _aChandigarh
_bAll India Criminal Law Reporter
_c1995
300 _bHB
_c24x16 cm.
650 _aCriminal law
_9192395
942 _2ddc
_cBI
999 _c233529
_d233529